How To Speak (Record no. 11519)

MARC details
000 -LEADER
fixed length control field 00491nam a2200193 a 4500
001 - CONTROL NUMBER
control field 0001-1519
003 - CONTROL NUMBER IDENTIFIER
control field ELIB.Books
008 - FIXED-LENGTH DATA ELEMENTS--GENERAL INFORMATION
fixed length control field 170519 2010 eng
092 ## - LOCALLY ASSIGNED DEWEY CALL NUMBER (OCLC)
Classification number 658
Item number Dix
100 ## - MAIN ENTRY--PERSONAL NAME
Personal name Dixon, John
245 ## - TITLE STATEMENT
Title How To Speak
Remainder of title Here, There, and On The Air
260 ## - PUBLICATION, DISTRIBUTION, ETC. (IMPRINT)
Place of publication, distribution, etc. Nashville
Name of publisher, distributor, etc. Abingdon Press
300 ## - PHYSICAL DESCRIPTION
Extent 249
Dimensions 21.6 cm
650 ## - SUBJECT ADDED ENTRY--TOPICAL TERM
Topical term or geographic name as entry element General Management
942 ## - ADDED ENTRY ELEMENTS (KOHA)
Source of classification or shelving scheme Dewey Decimal Classification
Koha item type Books
990 ## - EQUIVALENCES OR CROSS-REFERENCES [LOCAL, CANADA]
Link information for 9XX fields 1
998 ## - LOCAL CONTROL INFORMATION (RLIN)
-- Englishbooks.elf
Cataloger's initials, CIN (RLIN) cat
-- 2017-05-19
Holdings
Withdrawn status Lost status Source of classification or shelving scheme Damaged status Not for loan Home library Current library Date acquired Total Checkouts Barcode Date last seen Bill Date Koha item type
    Dewey Decimal Classification     Karen Baptist Theological Seminary Library Karen Baptist Theological Seminary Library 19/05/2017   16174 22/01/2022 22/01/2022 Books
Implemented & Customized by: BestBookBuddies

Powered by Koha